La región más transparente
Novela que representa a la ciudad como principal personaje puesto que durante todo el escrito, se relatan sucesos de la vida de diferentes personas que se cruzan en algún punto de la historia. Esta obra publicada en 1958, se basa en el ensayo “Visión de Anáhuac” escrito por Alfonso Reyes, que culmin...
محفوظ في:
| المؤلف الرئيسي: | |
|---|---|
| التنسيق: | كتاب |
| اللغة: | Undetermined |
| منشور في: |
México, Distrito Federal
Fondo de Cultura Económica
1993
|
| الطبعة: | 4 |
| الموضوعات: | |
| الوسوم: |
إضافة وسم
لا توجد وسوم, كن أول من يضع وسما على هذه التسجيلة!
|
MARC
| LEADER | 00000nam a2200000Ia 4500 | ||
|---|---|---|---|
| 008 | 170316s9999 xx 000 0 und d | ||
| 040 | |a cru BVZT | ||
| 090 | |a 860 F-9r | ||
| 100 | |a Fuentes, Carlos |9 305 | ||
| 245 | |a La región más transparente | ||
| 250 | |a 4 | ||
| 260 | |a México, Distrito Federal | ||
| 260 | |b Fondo de Cultura Económica | ||
| 260 | |c 1993 | ||
| 300 | |a 472 páginas | ||
| 520 | |a Novela que representa a la ciudad como principal personaje puesto que durante todo el escrito, se relatan sucesos de la vida de diferentes personas que se cruzan en algún punto de la historia. Esta obra publicada en 1958, se basa en el ensayo “Visión de Anáhuac” escrito por Alfonso Reyes, que culmina en una ciudad convulsa por la Decena Trágica (golpe militar para derrocar al presidente mexicano Francisco Madero en 1913) | ||
| 650 | |a LITERATURA LATINOAMERICANA |9 15 | ||
| 999 | |c 8681 |d 8681 | ||
| 942 | |c 15 D |h 860 F-9r |2 z | ||
